Statistiche per Riconosci il Trasferimento - Quiz n°12 (Speciale Anni 90)

Clicka qui per fare il quiz!

Statistiche generali

  • Questo quiz è stato fatto 199 volte
  • Il punteggio medio è 8 su 20

Statistiche sulle risposte

RuoloNazioneTrasferimentiCalciatore% Corretto
AttaccanteArgentinaNewell's Old Boys 1988 - River Plate 1989 - Boca Juniors 1990 - Fiorentina 1991 - Roma 2000 - Inter 2003 - Al-Arabi 2003Gabriel Omar Batistuta
88%
PortiereGermaniaKarlsruhe II 1987 - Karlsruhe 1987 - Bayern Monaco 1994Oliver Kahn
79%
DifensoreBrasileSan Paolo 1989 - Real Saragozza 1994 - Palmeiras 1995 - Roma 1997 - Milan 2003Cafu
75%
AttaccanteOlandaAjax 1986 - Inter 1993 - Arsenal 1995Dennis Bergkamp
61%
AttaccanteInghilterraSouthampton 1987 - Blackburn 1992 - Newcastle Utd 1996Alan Shearer
59%
DifensoreItaliaMonza 1986 - Milan 1987Alessandro Costacurta
59%
AttaccanteCroaziaOsijek 1984 - Dinamo Zagabria 1989 - Siviglia 1991 - Real Madrid 1996 - Arsenal 1999 - West Ham Utd 2000 - Monaco 1860Davor Šuker
45%
CentrocampistaArgentinaVelez Sarsfiled 1987 - Pisa 1990 - Siviglia 1992 - Atletico Madrid 1994 - Inter 1997 - Lazio 1999 - Atletico Madrid 2003 - Racing Club 2005Diego Simeone
41%
Difensore/CentrocampistaSpagnaReal Valladolid 1987- Real Madrid 1989 - Al-Rayyan 2003 - Bolton 2004Fernando Hierro
41%
CentrocampistaCroaziaDinamo Zagabria 1985 - Bari 1991 - Milan 1992 - Celta Vigo 2001Zvonimir Boban
36%
AttaccanteItaliaPontedecimo 1986 - Sampdoria 1987 - Teramo 1990 - Chieti 1991 - Sampdoria 1992 - Modena 1993 - Cremonese 1994 - Sampdoria 1995 - Parma 1996 - Fiorentina 1999 - Lazio 2002 - Siena 2003 - Figline 2008Enrico Chiesa
35%
CentrocampistaFranciaNantes 1986 - Olympique Marsiglia 1989 - Bordeaux 1990 - Olympique Marsiglia 1991 - Juventus 1994 - Chelsea 1999 - Valencia 2000Didier Deschamps
28%
DifensoreFranciaMontpellier 1983 - Napoli 1991 - Nîmes 1992 - Saint-Étienne 1993 - Auxerre 1995 - Barcellona 1996 - Olympique Marsiglia 1997 - Inter 1999 - Manchester United 2001Laurent Blanc
25%
PortiereBrasileInternacional 1985 - Parma 1990 - Reggiana 1993 - Atletico Mineiro 1994 - Galatasaray 1998 - Parma 2001Cláudio Taffarel
22%
DifensorePortogalloPorto 1987 - Famalicão 1988 - Academia 1989 - Porto 1987 - Parma 1994 - Barcellona 1996 - Lazio 1998 - Parma 2005Fernando Couto
22%
AattaccanteColombiaCucuta Deportivo 1988 - Atletico Nacional 1989 - Parma 1992 - Newcastle Utd 1996 - Parma 1998 - Palmeiras 1999 - Fluminense 2000 - Atlante 2001 -Atletico Nacional 2002 - Universidad de Chile 2003 - Estudiantes La Plata 2004Faustino Asprilla
21%
AttaccanteGermaniaKickers Stoccarda 1981 - Stoccarda 1984 - Inter 1989 - Monaco 1992 - Tottenham 1994 - Bayern Moanco 1995 - Sampdoria 1997 - Tottenham 1998 - OC Blue Star 2003Jürgen Klinsmann
21%
CentrocampistaPortogalloBenfica 1989 - Sporting Lisbona 1993 - Juventus 1994 - Borussia Dortmund 1996 - Inter 1998 - Parma 2000 - Panathīnaïkos 2000 - Espanyol 2002Paulo Sousa
18%
CentrocampistaInghilterraWest Ham Utd 1985 - Manchester United 1989 - Inter 1995 - Liverpool 1997 - Middlesbrough 1999 - Wolverhampton 2002 - Swindon Town 2006 - Macclesfield TownPaul Ince
13%
DifensoreItaliaVarese 1989 - Massese 1991 - Bologna 1992 - Verona 1993 - Torino 1994 - Juventus 1995Gianluca Pessotto
10%

Distribuzione punteggi

Percentile per numero di risposta

Percentuale di utenti per punteggio

I tuoi punteggi nel tempo

Non hai fatto questo quiz